<?xml version="1.0" encoding="UTF-8"?>
<record
    xmlns:xsi="http://www.w3.org/2001/XMLSchema-instance"
    xsi:schemaLocation="http://www.loc.gov/MARC21/slim http://www.loc.gov/standards/marcxml/schema/MARC21slim.xsd"
    xmlns="http://www.loc.gov/MARC21/slim">

  <leader>01126cab a2200205 i 4500</leader>
  <controlfield tag="001">768714001</controlfield>
  <controlfield tag="003">CO-MdFUSB</controlfield>
  <controlfield tag="005">20240618062726.0</controlfield>
  <controlfield tag="008">240210t1999    ag q|||| |||| 00| | spa d</controlfield>
  <datafield tag="040" ind1=" " ind2=" ">
    <subfield code="b">spa</subfield>
    <subfield code="c">CO-MdFUSB</subfield>
    <subfield code="d">CO-MdFUSB</subfield>
  </datafield>
  <datafield tag="041" ind1=" " ind2=" ">
    <subfield code="a">spa</subfield>
  </datafield>
  <datafield tag="100" ind1=" " ind2=" ">
    <subfield code="a">Ram&#xED;rez, Eduardo,</subfield>
    <subfield code="e">autor</subfield>
  </datafield>
  <datafield tag="245" ind1=" " ind2=" ">
    <subfield code="a">Los ni&#xF1;os :</subfield>
    <subfield code="b">un campo de misi&#xF3;n olvidado</subfield>
    <subfield code="c">/ Eduardo Ram&#xED;rez</subfield>
  </datafield>
  <datafield tag="300" ind1=" " ind2=" ">
    <subfield code="a">Volumen 18, n&#xFA;mero 4 (octubre - diciembre,1999), p&#xE1;ginas: 6 - 12</subfield>
    <subfield code="c">; 27 cm.</subfield>
  </datafield>
  <datafield tag="520" ind1=" " ind2=" ">
    <subfield code="a">Es frecuente ver, en cualquiera de las grandes ciudades latinoamericanas, a ni&#xF1;os deambulando por las calles, mal vestidos, mendigando, lustrando zapatos, lavando parabrisas o simplemente corriendo de un lado a otro, sin rumbo.
Muy pocos de los 250 millones menores de 20 a&#xF1;os est&#xE1;n en la iglesia. Si cada iglesia local asumiera su desaf&#xED;o, podr&#xED;amos ver la realizaci&#xF3;n de grandes cambios por el poder de Dios.</subfield>
  </datafield>
  <datafield tag="650" ind1=" " ind2="0">
    <subfield code="a">Misiones</subfield>
    <subfield code="9">154</subfield>
  </datafield>
  <datafield tag="653" ind1=" " ind2=" ">
    <subfield code="a">Ni&#xF1;ez</subfield>
  </datafield>
  <datafield tag="773" ind1="0" ind2=" ">
    <subfield code="0">49402</subfield>
    <subfield code="9">59630</subfield>
    <subfield code="d">Buenos Aires</subfield>
    <subfield code="o">R588</subfield>
    <subfield code="t">Iglesia y Misi&#xF3;n</subfield>
    <subfield code="w">(CO-MdFUSB)19</subfield>
    <subfield code="g">Volumen 18, n&#xFA;mero 4 (octubre - diciembre,1999), p&#xE1;ginas: 6 - 12</subfield>
    <subfield code="q">P&#xE1;ginas 6</subfield>
  </datafield>
  <datafield tag="942" ind1=" " ind2=" ">
    <subfield code="c">ANA</subfield>
  </datafield>
  <datafield tag="999" ind1=" " ind2=" ">
    <subfield code="c">69297</subfield>
    <subfield code="d">69297</subfield>
  </datafield>
</record>
